| 000 | 00000nam 2200000za 4500 |
| 001 | 9.578909 |
| 003 | CaOODSP |
| 005 | 20210624190317 |
| 007 | cr ||||||||||| |
| 008 | 150406|2008||||xxc|||||o f|0| 0 eng d |
| 040 | |aCaOODSP|beng |
| 043 | |an-cn--- |
| 086 | 1 |aSE7-3/2008-1E-PDF |
| 245 | 00|aEstimation of voter turnout by age group at the 39th federal general election, January 23, 2006 |h[electronic resource]. |
| 260 | |aOttawa : |bElections Canada, |c2008. |
| 300 | |a33 p. : |bgraphs |
| 490 | 1 |aElections Canada working paper series |
| 500 | |a"March 2008." |
| 590 | |a14-07-Supp|b2014-04-03 |
| 690 | 07|aDemographic data|2gcpds |
| 690 | 07|aElections|2gcpds |
| 710 | 2 |aElections Canada. |
| 775 | 08|tEstimation du taux de participation par groupes d'âge à la 39e élection générale fédérale du 23 janvier 2006 |w(CaOODSP)9.606642 |
| 830 | #0|aElections Canada working paper series.|w(CaOODSP)9.507757 |
| 856 | 40|ahttp://publications.gc.ca|qPDF|s695 KB|uhttps://publications.gc.ca/collections/collection_2014/elections/SE7-3-2008-1-eng.pdf |